| 000 | 00370nam a2200157Ia 4500 | ||
|---|---|---|---|
| 008 | 210210b1946 xxu||||| |||| 00| 0 eng d | ||
| 041 | _aeng | ||
| 082 | _a824/9 | ||
| 100 | _aARMSTRONG (E A) | ||
| 245 | _aShakespeares imagination | ||
| 260 |
_aLondon _b- _c1946 |
||
| 650 | _aShakespeares | ||
| 650 | _aimagination | ||
| 690 | _aEnglish Criticism | ||
| 906 | _a013963 | ||
| 999 |
_c132980 _d132980 |
||